000 00326 a2200145 4500
001 74912
020 _a97888598866345
040 _cAnchieta - Colégio São Paulo
240 1 0 _aDomingo na Praça
_lpor
245 1 0 _aDomingo na Praça
300 _a32
362 0 _a2012
650 4 _aLiteratura infanto-juvenil
942 _cBK
999 _c74912
_d74912